| 000 | 00881nam a2200205 a 4500 | ||
|---|---|---|---|
| 001 | 000041760 | ||
| 005 | 20201002035735.0 | ||
| 008 | 131016s2002 sp 001 0 spa d | ||
| 020 | _a8400080890 | ||
| 040 |
_aDO-SdBNP _bspa _cBNPHU |
||
| 100 | 1 |
_aDuran Duelt, Daniel _968305 |
|
| 245 | 1 | 0 |
_aManual del viatge fet per berenguer benet a Romania : _b1341-1342 / _cestudi i edició Daniel Duran i Duelt. |
| 260 |
_aBarcelona : _bConsell Superior d'Investigacions Científiques. Institució Milà i Fontanals, Departament d'Estudis Medievals, _c2002. |
||
| 300 |
_a478 p. : ; _c24 cm. |
||
| 490 | 1 |
_aAnuario de estudios medievales. _aanejo _v47 |
|
| 500 | _aIncluye índice | ||
| 504 | _aIncluye referencias bibliográficas y notas al pie de las páginas | ||
| 710 | 2 |
_aInstitución Milá y Fontanals (Barcelona) _968486 |
|
| 830 | 0 |
_aAnuario de estudios medievales. _pAnejo ; _v47 _964050 |
|
| 999 |
_c41249 _d41249 |
||